000 00582nam a22001697a 4500
003 OSt
005 20250815095030.0
008 250815b |||||||| |||| 00| 0 eng d
040 _aDWCL-Main LIb
_cOC
082 _aFil. 657.45 P552 2003
110 _aAuditing Standards and Practices Council
245 _aPhilippine Standards on auditing and Philippine auditing practice statements:
_b compilation 3
_cAuditing Standards and Practices Council
260 _aManila :
_bPICPA ,
_cc2003.
300 _av, 258 pages.
_c23 cm.
650 _aAuditing.
942 _2ddc
_cBK - FIL
_kFil.
_n0
999 _c3981
_d3981